Lò nấu gang /
Đã lưu trong:
| 主要作者: | |
|---|---|
| 格式: | 圖書 |
| 語言: | Vietnamese |
| 出版: |
Hanoi. :
Công ty quảng cáo Sài Gòn ,
1962
|
| 版: | In lần thứ 1 |
| 主題: | |
| 標簽: |
添加標簽
沒有標簽, 成為第一個標記此記錄!
|
| Thư viện lưu trữ: | Thư viện Trường CĐ Kỹ Thuật Cao Thắng |
|---|
| LEADER | 00670nam a2200205 a 4500 | ||
|---|---|---|---|
| 001 | TVCDKTCT739 | ||
| 003 | Thư viện trường Cao đẳng Kỹ thuật Cao Thắng | ||
| 005 | 20050803000000 | ||
| 008 | 050803 | ||
| 980 | \ | \ | |a Thư viện Trường CĐ Kỹ Thuật Cao Thắng |
| 024 | |a RG_1 #1 eb0 i1 | ||
| 041 | 0 | # | |a vie |
| 082 | # | # | |a 669.8 / |b TR312H-l |
| 100 | 1 | # | |a Trịnh Ngọc Hữu, |e Người dịch |
| 245 | 0 | 0 | |a Lò nấu gang / |c Trịnh Ngọc Hữu |
| 250 | # | # | |a In lần thứ 1 |
| 260 | # | # | |a Hanoi. : |b Công ty quảng cáo Sài Gòn , |c 1962 |
| 300 | # | # | |a 243tr. ; |c 17cm |
| 650 | # | 4 | |a Cơ khí |
| 650 | # | 4 | |a Luyện kim--Lò gang |